Datum a čas kvízu

29.5 Celkem bodů Celkový počet nahraných bodů na tomto kvízu bez doplňovacích otázek.
9. Pořadí na kvízu Konečné umístění týmu na tomto kvízu.

Zaznamenané odpovědi

# Otázka Odpověď Body Výsledky
1. V České republice je aktuálně... Olomouc 1
2. Minulý týden se svět dozvěděl... vydlabaná dýně 0
3. Jedna hudební kapela způsobila... Måneskin 0
4. Jedna automobilka v úterý před... Škoda 1
5. Česká basketbalová reprezentac... Polsko, Srbsko 1
6. V následujících otázkách se bu... 793, Lindisfarne 0.5
7. Klášter a zříceninu kláštera,... Porta coeli, Rosa coeli 0
8. Nyní si připomeneme klášterní... novic, převor 0
9. Rilský klášter patří k nejvýzn... v Bulharsku 0
10. Starobrněnský klášter, v němž... Eliška Rejčka 1